000 00532nam a2200169 i 4500
001 71496
003 ES-MaACL
005 20230906171139.0
007 t|
008 040811s1960 sp ||||1| spa d
245 0 0 _aGeneraciones de corriente alterna, transformadores y rectificadores /
_cpor la Dirección ed Estudios.
250 _a[1ª ed.].
260 _a[Madrid :
_bEscuelas Internacionales,
_c1960]
300 _a94 p. :
_bil. ;
_c20 cm.
710 2 _aEscuelas Internacionales.
_93618
852 _aES-MaACL
_jC-19712
_bR.46177
999 _c71496
_d71496